British Isles Flags - Statistics

General Stats
  • This quiz has been taken 71 times
  • The average score is 6 of 7
Answer Stats
Picture Answer % Correct
United Kingdom
100%
England
96%
Ireland
94%
Scotland
94%
Wales
94%
Isle of Man
82%
Northern Ireland (U)
69%
No matching quizzes found
Score Distribution
Percent of People with Each Score
Percentile by Number Answered
Your Score History
You have not taken this quiz